000 01225nab a2200229 i 4500
001 768714001
003 CO-MdFUSB
005 20240609104535.0
008 240531t1976 ag ||||| |||| 00| 0 spa d
040 _bspa
_cCO-MdFUSB
_dCO-MdFUSB
041 _aspa
100 _a Brephol, Ditmar,
_eautor
245 3 _aLa Reforma Protestante y el capitalismo
_c/ Ditmar Brephol
520 _aEn opinión de varios escritores, la Reforma Protestante fue un factor crucial en el crecimiento del capitalismo. Según Leo Huberman, la Iglesia católica no tenía la capacidad de adaptarse rápidamente a una economía capitalista impulsada por el feudalismo y el trabajo manual. Pero a medida que la riqueza ejerce un poder secularizador, la religiosidad disminuye, aunque el ascetismo permanece como una ética económica, formando y fortaleciendo el espíritu capitalista.
650 7 _aCapitalismo
_92451
650 0 _aProtestantismo
_9947
650 7 _aReforma
_9221
650 7 _aIglesia y Estado
_9288
773 0 _069974
_982717
_dBuenos Aires
_oR2609
_tCerteza
_w(CO-MdFUSB)768714001
_gNúmero 61, (enero - marzo, 1976) páginas: 154 - 155
_qpágina: 154
942 _cANA
945 _aCatherine Arias Álvarez - Practicante SENA
999 _c70029
_d70029